| 000 | 00517nam a2200181 a 4500 | ||
|---|---|---|---|
| 005 | 20140412111411.0 | ||
| 008 | 070215s19uu xx 00 eng d | ||
| 020 | _a81-207-2767-3 | ||
| 050 |
_aM 550 _bLa22 2006 |
||
| 100 | _aGilbert, Miguel | ||
| 245 |
_aThe land (The living planet) / _cMiguel Angel Gilbert. |
||
| 260 |
_aIndia : _bSterling press private limited, _c2006. |
||
| 300 | _a32 | ||
| 440 | _aThe living planet | ||
| 500 | _aIncludes index | ||
| 650 | _aLand -Juvenile literature | ||
| 999 |
_c105695 _d105695 |
||